Factores personales y socio culturales que inciden en la preferencia femenina por la profesión de enfermería según los alumnos del 5to año de secundaria, USE Nro. 06 Chaclacayo- Lima. Diciembre de 1999 / (Registro nro. 7738)

Detalles MARC
000 -LEADER
campo de control de longitud fija 02083cam a22004814i 4500
003 - IDENTIFICADOR DE NÚMERO DE CONTROL
campo de control PE-LiUPU
005 - FECHA Y HORA DE LA ÚLTIMA TRANSACCIÓN
campo de control 20250731165411.0
008 - DATOS DE LONGITUD FIJA--INFORMACIÓN GENERAL
campo de control de longitud fija 151022s2000 pe grm 000 0 spa d
035 ## - NÚMERO DE CONTROL DEL SISTEMA
Número de control de sistema (Sirsi) a155047
040 ## - FUENTE DE CATALOGACIÓN
Centro catalogador/agencia de origen PE-LiUPU
Lengua de catalogación spa
Centro/agencia transcriptor PE-LiUPU
Normas de descripción rda
099 ## - TEXTO-LIBRO SIGNATURA TOPOGRÁFICA LOCAL (OCLC)
Número de clasificación TEF 2
-- R92 2000
100 1# - ENTRADA PRINCIPAL--NOMBRE DE PERSONA
Nombre de persona Ruelas Cayo, Sonia
Término indicativo de función/relación autor
245 1# - MENCIÓN DEL TÍTULO
Título Factores personales y socio culturales que inciden en la preferencia femenina por la profesión de enfermería según los alumnos del 5to año de secundaria, USE Nro. 06 Chaclacayo- Lima. Diciembre de 1999 /
Mención de responsabilidad, etc. Sonia Ruelas Cayo.
264 #0 - PRODUCCIÓN, PUBLICACIÓN, DISTRIBUCIÓN, FABRICACIÓN Y COPYRIGHT
Fecha de producción, publicación, distribución, fabricación o copyright 2000.
300 ## - DESCRIPCIÓN FÍSICA
Extensión 141 hojas
Dimensiones 30 cm
336 ## - TIPO DE CONTENIDO
Término de tipo de contenido text
Fuente rdacontent
337 ## - TIPO DE MEDIO
Nombre/término del tipo de medio unmediated
Fuente rdamedia
338 ## - TIPO DE SOPORTE
Nombre/término del tipo de soporte volume
Fuente rdacarrier
502 ## - NOTA DE TESIS
Nota de tesis Tesis
Tipo de título (Lic.) --
Nombre de la institución que otorga el título Universidad Peruana Unión,
Año de obtención del título 2000.
504 ## - NOTA DE BIBLIOGRAFÍA, ETC.
Nota de bibliografía, etc. Incluye referencias
520 3# - RESUMEN, ETC.
Sumario, etc. El presente de investigación tuvo por objetivo identificar los factores personales y socio culturales que inciden en la preferencia femenina por la carrera profesional de enfermería, según estudiantes del 5° año de secundaria de la USE N°6, Chaclacayo-Lima. Es un estudio de tipo descriptivo-transversal realizado en estudiantes del 5° año de secundaria. La población estuvo conformada por 859 alumnos de colegios nacionales y 122 de colegios particulares. La muestra fue de 243 alumnos hombres y mujeres.
526 ## - NOTA DE INFORMACIÓN SOBRE EL PROGRAMA DE ESTUDIO
Nombre del programa Segunda Especialidad En Estadística Aplicada Para Investigación (A Distancia)
526 ## - NOTA DE INFORMACIÓN SOBRE EL PROGRAMA DE ESTUDIO
Nombre del programa Segunda Especialidad En Estadística Aplicada Para Investigación
526 ## - NOTA DE INFORMACIÓN SOBRE EL PROGRAMA DE ESTUDIO
Nombre del programa Ingeniería De Ciberseguridad
526 ## - NOTA DE INFORMACIÓN SOBRE EL PROGRAMA DE ESTUDIO
Nombre del programa Ingeniería De Ciencia De Datos E Inteligencia Artificial
526 ## - NOTA DE INFORMACIÓN SOBRE EL PROGRAMA DE ESTUDIO
Nombre del programa Ingeniería De Software
526 ## - NOTA DE INFORMACIÓN SOBRE EL PROGRAMA DE ESTUDIO
Nombre del programa
526 ## - NOTA DE INFORMACIÓN SOBRE EL PROGRAMA DE ESTUDIO
Nombre del programa Comunicación Y Periodismo
526 ## - NOTA DE INFORMACIÓN SOBRE EL PROGRAMA DE ESTUDIO
Nombre del programa Maestría En Ingeniería De Sistemas Con Mención En Dirección Y Gestión De Tecnologías De Información (Semipresencial)
526 ## - NOTA DE INFORMACIÓN SOBRE EL PROGRAMA DE ESTUDIO
Nombre del programa Maestría En Ingeniería De Sistemas Con Mención En Dirección Y Gestión De Tecnologías De Información (A Distancia)
526 ## - NOTA DE INFORMACIÓN SOBRE EL PROGRAMA DE ESTUDIO
Nombre del programa Doctorado en ingeniería de sistemas
526 ## - NOTA DE INFORMACIÓN SOBRE EL PROGRAMA DE ESTUDIO
Nombre del programa Maestría en ingeniería de sistemas con mención en Ingeniería de software
526 ## - NOTA DE INFORMACIÓN SOBRE EL PROGRAMA DE ESTUDIO
Nombre del programa Maestría en ingeniería de sistemas con mención en Dirección y gestión de tecnologías de información
526 ## - NOTA DE INFORMACIÓN SOBRE EL PROGRAMA DE ESTUDIO
Nombre del programa Ingeniería de sistemas
526 ## - NOTA DE INFORMACIÓN SOBRE EL PROGRAMA DE ESTUDIO
Nombre del programa Educación secundaria, especialidad matemática e informática
596 ## -
-- 1
650 04 - PUNTO DE ACCESO ADICIONAL DE MATERIA--TÉRMINO DE MATERIA
Término de materia o nombre geográfico como elemento de entrada Estudiantes de secundaria
Subdivisión general Enfermería como profesión.
650 04 - PUNTO DE ACCESO ADICIONAL DE MATERIA--TÉRMINO DE MATERIA
Término de materia o nombre geográfico como elemento de entrada Estudiantes de secundaria
Subdivisión general Intereses profesionales.
650 04 - PUNTO DE ACCESO ADICIONAL DE MATERIA--TÉRMINO DE MATERIA
Término de materia o nombre geográfico como elemento de entrada Enfermería como profesión.
700 1# - ENTRADA AGREGADA--NOMBRE PERSONAL
Nombre de persona Vega Huamán, Germán
Término indicativo de función/relación autor
942 ## - ELEMENTOS DE ENTRADA SECUNDARIOS (KOHA)
Fuente del sistema de clasificación o colocación Clasificación Decimal Dewey
Tipo de ítem Koha Tesis
999 ## - NÚMEROS DE CONTROL DE SISTEMA (KOHA)
-- ALPHANUM
-- T00329
-- CCODEBUL3
-- BUL
-- 1
-- Y
-- TESIS
-- 2015-10-22
-- SALUD
-- P22
-- .STAFF. Tesis
980 ## - EQUIVALENCIA O REFERENCIA-CRUZADA-MENCIÓN DE SERIE--NOMBRE DE PERSONA/TÍTULO [LOCAL, CANADÁ]
ID del último usuario que modificó el registro 1
Nombre del último usuario que modificó el registro ALBERTO SANCHEZ Responsable de Automatización
Existencias
Visto por última vez Total de préstamos Signatura topográfica completa Código de barras Copia número Fecha de reemplazo Facultad Tipo de ítem Koha Nota pública Estado de pérdida Fuente del sistema de clasificación o colocación No para préstamo Colección Programa académico Biblioteca de origen Biblioteca actual Ubicación en estantería Fecha de adquisición
2022-07-06   TEF 2 R92 2000 T00329 e1 2015-10-22 FSALUD Tesis Este Ítem NO se presta por ser Ejemplar #1. No Perdido Clasificación Decimal Dewey No disponible para préstamos Colección Tesis Enfermería Biblioteca CRAI UPeU Lima Biblioteca CRAI UPeU Lima Estante de Tesis 2015-10-22